Hey Stephen lyrics - Statistics

General Stats
  • This quiz has been taken 267 times
  • The average score is 287 of 349
Answer Stats
Lyrics % Correct
Hey
100%
Stephen,
100%
a
99%
I
99%
you
99%
you?
99%
but
97%
But
97%
can
97%
the
97%
The
97%
be
96%
when
95%
an
94%
in
93%
look
93%
so
92%
my
91%
it
90%
know
90%
me
90%
me,
90%
on
90%
we
90%
like
89%
can't
88%
Can't
88%
if
88%
one
88%
to
88%
your
88%
angel
87%
no
87%
and
86%
looks
86%
there
86%
would
86%
help
84%
should
84%
this
84%
all
83%
all,
83%
All
83%
do
83%
for
83%
kiss
83%
rain,
83%
saw
83%
why
83%
I've
82%
wanna
82%
been
81%
feel
81%
girls
81%
girls,
81%
light
81%
myself
81%
Myself
81%
myself,
81%
say
81%
deceiving
80%
it's
80%
It's
80%
talk,
80%
walk,
80%
don't
79%
they
79%
way
79%
could
78%
else
77%
magic
77%
feeling
76%
feeling,
76%
magic
76%
since
76%
beautiful,
75%
met
75%
there's
75%
'Cause
74%
name
74%
song
74%
things
74%
write
74%
have
73%
Oh,
73%
oh,
73%
are
72%
Come
72%
come
72%
ever
72%
give
71%
They're
71%
they're
71%
fifty
70%
I'll
70%
other
70%
reasons
70%
think
70%
always
69%
some
69%
wanted
69%
change
68%
got
67%
those
67%
at
66%
cold
66%
didn't
66%
well,
66%
You're
66%
even
65%
half
65%
As
64%
choose
64%
same
63%
stay
63%
waiting
63%
alone
62%
wonderful,
62%
window,
61%
rocks
60%
walked,
60%
seen
59%
leaving?
58%
Of
58%
back
57%
here
57%
holding
57%
I'm
57%
people
57%
now,
56%
never
55%
tossing
55%
shine
54%
shine,
54%
believing
52%
might
52%
perfect
50%
thought
50%
out
49%
aren't
47%
tonight?
47%
Mmm,
46%
street
44%
boy,
43%
nobody
43%
lights
42%
pull
41%
near,
36%
dimming
35%
No matching quizzes found
Score Distribution
Percent of People with Each Score
Percentile by Number Answered
Your Score History
You have not taken this quiz